|
|
|
|
| LEADER |
01147nam a2200349 4500 |
| 001 |
DLU050049231 |
| 005 |
##20051108 |
| 040 |
# |
# |
|a DLU
|b vie
|
| 041 |
# |
# |
|a vie
|
| 044 |
# |
# |
|a vn
|
| 082 |
# |
# |
|a 307.76
|b PH-D
|
| 100 |
# |
# |
|a Phạm Duy Đức,
|c PGS.TS
|
| 245 |
# |
# |
|a Hoạt động giải trí ở đô thị Việt Nam hiện nay : Những vấn đề lý luận và thực tiễn =
|b Recreational activities in urban areas of Vietnam today : Theoretical and pratical issues /
|c Phạm Duy Đức
|
| 246 |
# |
# |
|a Recreational activities in urban areas of Vietnam today : Theoretical and pratical issues
|
| 260 |
# |
# |
|a H. :
|b Văn hoá - Thông tin,
|c 2004
|
| 300 |
# |
# |
|a 283 tr. ;
|c 21 cm
|
| 504 |
# |
# |
|a Tài liệu tham khảo :tr.278-281
|
| 653 |
# |
# |
|a Dịch vụ công cộng
|
| 653 |
# |
# |
|a Giải trí
|
| 653 |
# |
# |
|a Hoạt động xã hội
|
| 653 |
# |
# |
|a Phát triển đô thị
|
| 653 |
# |
# |
|a Văn hoá tinh thần
|
| 923 |
# |
# |
|a 46/2005
|
| 992 |
# |
# |
|a 35.000
|
| 994 |
# |
# |
|a DLU
|
| 900 |
# |
# |
|a True
|
| 911 |
# |
# |
|a Đào Thị Thu Huyền
|
| 925 |
# |
# |
|a G
|
| 926 |
# |
# |
|a A
|
| 927 |
# |
# |
|a SH
|
| 980 |
# |
# |
|a Thư viện Trường Đại học Đà Lạt
|